Strong wind
12 short stories about Vietnamese life in North Vietnam
Salvato in:
| Natura: | Libro |
|---|---|
| Lingua: | Undetermined |
| Pubblicazione: |
Hanoi
Foreign Languages Publishing House
1962
|
| Soggetti: | |
| Tags: |
Aggiungi Tag
Nessun Tag, puoi essere il primo ad aggiungerne! !
|
| Thư viện lưu trữ: | Trung tâm Học liệu Trường Đại học Cần Thơ |
|---|
| LEADER | 00600nam a2200193Ia 4500 | ||
|---|---|---|---|
| 001 | CTU_218430 | ||
| 008 | 210402s9999 xx 000 0 und d | ||
| 082 | |a 895.922334 | ||
| 082 | |b S923 | ||
| 245 | 0 | |a Strong wind | |
| 245 | 0 | |c Hoai Thanh ...[ et al.] | |
| 260 | |a Hanoi | ||
| 260 | |b Foreign Languages Publishing House | ||
| 260 | |c 1962 | ||
| 520 | |a 12 short stories about Vietnamese life in North Vietnam | ||
| 650 | |a Vietnamese literature,Văn học Việt Nam | ||
| 650 | |y 20th century,Thế kỷ 20 | ||
| 904 | |i Nguyên | ||
| 980 | |a Trung tâm Học liệu Trường Đại học Cần Thơ | ||